| 000 -CABECERA |
| fixed length control field |
01394nam a22003257i 4500 |
| 003 - IDENTIFICADOR DEL NÚMERO DE CONTROL |
| control field |
AR-CdUCM |
| 008 - DATOS DE LONGITUD FIJA--INFORMACIÓN GENERAL |
| fixed length control field |
240916b20222022 pe||||| |||| 00| 0 spa d |
| 040 ## - FUENTE DE LA CATALOGACIÓN |
| Agencia/entidad que catalogó originalmente la obra |
MUNICIPALIDAD PROVINCIAL DEL CUSCO |
| Entidad que transcribió la catalogación |
BIBLIOTECA MUNICIPAL DEL CUSCO |
| 082 ## - NÚMERO DE LA CLASIFICACIÓN DECIMAL DEWEY |
| No. de Clasificación |
636.8 / M22 |
| Notacion interna |
M22 |
| 100 ## - ENTRADA PRINCIPAL--NOMBRE DE PERSONA |
| Nombre Personal |
Mancilla Quispe, Wilbert Justino |
| 245 ## - MENCIÓN DE TÍTULO |
| Título |
Manual del alpaquero : |
| Resto del título |
Buenas prácticas de manejo en camélidos domésticos / |
| 260 ## - PUBLICACIÓN, DISTRIBUCIÓN, ETC. |
| Lugar de publicación, distribución, etc. |
Perú : |
| Fecha de publicación, distribución, etc. |
2022 |
| 300 ## - DESCRIPCIÓN FÍSICA |
| Nº de Páginas Extensión |
84 páginas. : |
| Dimensiones |
21 cm. |
| 500 ## - NOTA GENERAL |
| Bibliografía |
Bibliografía: página 84 |
| 505 ## - NOTA DE CONTENIDO CON FORMATO |
| Nota de contenido formateada |
Origen de las alpacas -- Calendario de crianza de alpacas -- Sanidad y prevención de enfermedades en alpacas -- Enfermedades parasitarias -- Infraestructura productiva en alpacas -- Mejoramiento genético en alpacas -- Selección de reproductores -- Características del vellón -- Empadre controlado -- Biotecnologías de reproducción -- Problemática de los pastos naturales -- Buenas prácticas en esquila |
| 650 ## - PUNTO DE ACCESO ADICIONAL DE MATERIA--TÉRMINO DE MATERIA |
| Descriptor |
Alpacas |
| 9 (RLIN) |
19708 |
| 650 ## - PUNTO DE ACCESO ADICIONAL DE MATERIA--TÉRMINO DE MATERIA |
| Descriptor |
Enfermedades |
| 9 (RLIN) |
5611 |
| 650 ## - PUNTO DE ACCESO ADICIONAL DE MATERIA--TÉRMINO DE MATERIA |
| Descriptor |
Sarna |
| 9 (RLIN) |
50516 |
| 650 ## - PUNTO DE ACCESO ADICIONAL DE MATERIA--TÉRMINO DE MATERIA |
| Descriptor |
Piojera |
| 9 (RLIN) |
50517 |
| 650 ## - PUNTO DE ACCESO ADICIONAL DE MATERIA--TÉRMINO DE MATERIA |
| Descriptor |
Neumonía |
| 9 (RLIN) |
50518 |
| 650 ## - PUNTO DE ACCESO ADICIONAL DE MATERIA--TÉRMINO DE MATERIA |
| Descriptor |
Otitis |
| 9 (RLIN) |
50519 |
| 650 ## - PUNTO DE ACCESO ADICIONAL DE MATERIA--TÉRMINO DE MATERIA |
| Descriptor |
Infraestructura |
| 9 (RLIN) |
38257 |
| 650 ## - PUNTO DE ACCESO ADICIONAL DE MATERIA--TÉRMINO DE MATERIA |
| Descriptor |
Cobertizos |
| 9 (RLIN) |
50520 |
| 650 ## - PUNTO DE ACCESO ADICIONAL DE MATERIA--TÉRMINO DE MATERIA |
| Descriptor |
Empadre |
| 9 (RLIN) |
50521 |
| 650 ## - PUNTO DE ACCESO ADICIONAL DE MATERIA--TÉRMINO DE MATERIA |
| Descriptor |
Rebaño |
| 9 (RLIN) |
50522 |
| 700 ## - PUNTO DE ACCESO ADICIONAL--NOMBRE DE PERSONA |
| Nombre Personal |
Ajahuana Condori, Osmar Ovidio |
| 9 (RLIN) |
50523 |
| 942 ## - ELEMENTOS DE PUNTO DE ACCESO ADICIONAL (KOHA) |
| Fuente de clasificación |
|
| Tipo de item |
Libros-BMC |
| 945 ## - PROCESAMIENTO DE INFORMACIÓN LOCAL (OCLC) |
| Catalogador |
pbj |
| AAAA-MM-DD - Fecha de ingreso o modificacion |
2024-09-16 |